| 000 | 00343nam a2200121Ia 4500 | ||
|---|---|---|---|
| 005 | 20251028132445.0 | ||
| 008 | 251020t2006||||xx |||||||||||||| ||spa|| | ||
| 041 | _aspa | ||
| 100 | _aMagarell Lisa | | Filippini Leonardo [ed.] | ||
| 245 | 0 | _aEl legado de la verdad : la justicia penal en la transición peruana | |
| 260 | _c2006 | ||
| 942 |
_CLB _cLB |
||
| 999 |
_c2537 _d2537 |
||